| 000 | 00482cam a22001577a 4500 | ||
|---|---|---|---|
| 008 | 180718b1990 xxu||||| |||| 00| 0 eng d | ||
| 020 | _a8170331014 | ||
| 082 | _aXAx5 AL24 | ||
| 245 |
_aHousing in Asia : problems and perspectives _cedited by Brian C. Aldrich And R.S. Sandhu |
||
| 260 |
_aJaipur _bRawat _c1990 |
||
| 300 | _axi,201p | ||
| 650 | _aHousing policy --Southeast Asia. | ||
| 650 | _aHousing policy --South Asia | ||
| 700 | _aSandhu, R.S. | ||
| 700 | _aAldrich, Brian C. | ||
| 999 |
_c411671 _d411671 |
||